01654nam a2200325 a 4500001001200000003000800012006001900020007001500039008004100054010001700095020001800112020001800130040002100148035002100169050002200190082001900212245013300231260007400364300003700438504005100475505038800526533015200914650001901066655002901085700002701114700002701141710001701168856012601185999001701311ebr10298037CaPaEBRm u cr cn|||||||||081219s2009 enka sb 001 0 eng d z 2008055188 z9780470745021 z9780470515976 aCaPaEBRcCaPaEBR a(OCoLC)64776933214aRB43b.A38 2009eb04a611/.0181522200aAdvanced techniques in diagnostic cellular pathologyh[electronic resource] /cedited by Mary Hannon-Fletcher and Perry Maxwell. aChichester, West Sussex ;aHoboken, N.J. :bJohn Wiley & Sons,c2009. axvi, 196 p. :bill. (some col.). aIncludes bibliographical references and index.0 aVirtual microscopy / Jim Diamond and David McCleary -- Cytopathology / Mary Hannon-Fletcher -- Flow cytometry / Ian Dimmick -- Immunocytochemistry / Perry Maxwell and Merdol Ibrahim -- Microarray-based comparative genomic hybridization / David S.P. Tan, Rachael Natrajan and Jorge S. Reis-Filho -- Tissue in situ hybridization / Anthony O'Grady, John O'Loughlin and and Hilary Magee. aElectronic reproduction.bPalo Alto, Calif. :cebrary,d2013.nAvailable via World Wide Web.nAccess may be limited to ebrary affiliated libraries. 0aCytodiagnosis. 7aElectronic books.2local1 aHannon-Fletcher, Mary.1 aMaxwell, Perry,d1958-2 aebrary, Inc.40uhttp://site.ebrary.com/lib/rucke/Doc?id=10298037zAn electronic book accessible through the World Wide Web; click to view c64831d64831